| 000 | 01597mam a2200385 a 4500 | ||
|---|---|---|---|
| 001 | 3297897 | ||
| 003 | OSt | ||
| 005 | 20180117085959.0 | ||
| 008 | 010228s2000 enk b 001 0 eng d | ||
| 010 | _a 2001274906 | ||
| 015 | _aGBA1-09515 | ||
| 020 | _a0195793986 | ||
| 035 | _a(OCoLC)ocm45901280 | ||
| 040 |
_aUKM _cDLC _dUKM |
||
| 042 | _alccopycat | ||
| 043 | _aa-pk--- | ||
| 050 | 0 | 0 |
_aDS383.5.A2 _bA75 2000 |
| 082 | 0 | 0 |
_a327.5491 _221 |
| 100 | 1 | _aAmin, Shahid M. | |
| 245 | 1 | 0 |
_aPakistan's foreign policy : _ba reappraisal / _cShahid M. Amin. |
| 260 |
_aOxford ; _aNew York : _bOxford University Press, _c2000. |
||
| 300 |
_a327 p. ; _c23 cm. |
||
| 504 | _aIncludes bibliographical references and index. | ||
| 651 | 0 |
_aPakistan _xForeign relations. |
|
| 651 | 4 |
_aPakistan _xForeign relations. |
|
| 651 | 4 |
_aPakistan _xPolitics and government. |
|
| 651 | 4 |
_aPakistan _xForeign relations _zIndia. |
|
| 651 | 4 |
_aIndia _xForeign relations _zPakistan. |
|
| 942 |
_2ddc _cBK |
||
| 999 |
_c178825 _d178825 |
||